000 00650nam 22002173 4500
001 201036
010 _a972-566-163-X
021 _aPT
_b52075/92
090 _a201036
100 _a20260306d u||y0pory50 ba
200 _aA sextina em Portugal nos séculos XVI e XVII
_fAntónio Cirurgião
205 _a
210 _aLisboa
_cInstituto de Cultura e Língua Portuguesa
_d1992
215 _a212, [8] p.
_cbrochado
_d20 cm
225 _aBiblioteca breve
_v126
606 _93661
_aCrítica Literária.Estudos Literários
675 _a82.09
_vPT
_zpor
700 _96282
_aCirurgião
_bAntónio
801 _aPT
_bBMMN
_gRPC
830 _cVanda
990 _cLIVROS